000 00428nam a2200181Ia 4500
001 19221
005 20260306171728.0
008 260306s9999||||xx |||||||||||||| ||und||
041 _aESP
082 _a658.80711
_bG23
100 _aGarcía Ferrer, Gemma.
_eAUT
245 0 _aInvestigación comercial
260 _c2002
300 _a209 páginas :
_c24 cm.
650 _aGEN
654 _aCAN
942 _cLIB
_dJUS
_fJUS
_2ddc
_n
999 _c19221
_d19221